| 000 | 01749nam a2200421 i 4500 | ||
|---|---|---|---|
| 001 | nkc20243599833 | ||
| 003 | CZ PrSKC | ||
| 005 | 20260417092819.0 | ||
| 007 | ta | ||
| 008 | 240404s2024 xr a b 000 j cze | ||
| 020 |
_a9788000073231 _cKč 269,00 |
||
| 040 |
_aABG001 _bcze _erda |
||
| 041 | 1 |
_acze _hspa |
|
| 072 | 7 |
_a821.134.2-3 _xŠpanělská próza, španělsky psaná _2Konspekt |
|
| 072 | 7 |
_a821-93 _xLiteratura pro děti a mládež (beletrie) _2Konspekt |
|
| 080 |
_a821.134.2-32 _2MRF |
||
| 080 |
_a821-93 _2MRF |
||
| 080 |
_a(0:82-32) _2MRF |
||
| 100 | 1 |
_aPunset, Ana, _d1981- _4aut _920666 |
|
| 240 | 1 | 0 |
_aLío con brilli-brilli. _lČesky |
| 245 | 1 | 0 |
_aUnicornie. _pTřpytky všude, kam se podíváš / _cAna Punset ; ilustrovala Diana Vicedo ; ze španělského originálu Un lío con brilli-brilli ... přeložila Ilona Staňková |
| 246 | 3 | 0 | _aTřpytky všude, kam se podíváš |
| 250 | _a1. vydání | ||
| 264 | 1 |
_aV Praze : _bAlbatros, _c2024 |
|
| 300 |
_a121 stran : _bbarevné ilustrace ; _c21 cm |
||
| 500 | _aNa hřbetu knihy označení: 1 | ||
| 520 | 2 |
_aKlaudie nastupuje do školy svých snů, kde se bude učit létat. _bKlaudie se s rodiči přestěhovala do města Unicornie. Ve škole kouzel ji tu kromě výuky lektvarů a dalších magických předmětů čekají i hodiny létání s jednorožcem Chai. Vznést se k oblakům však není tak snadné, jak to vypadá. |
|
| 546 | _aČeský text | ||
| 655 | 7 |
_ašpanělské příběhy _96044 |
|
| 655 | 7 | _apublikace pro děti | |
| 655 | 9 |
_aSpanish stories _96045 |
|
| 655 | 9 | _achildren's literature | |
| 700 | 1 |
_aVicedo, Diana _4ill _920667 |
|
| 700 | 1 |
_aStaňková, Ilona _4trl _920668 |
|
| 765 | 0 | _tUnicornia | |
| 910 | _aABG508 | ||
| 999 |
_c34186 _d34186 |
||